000 00546nam a22002057a 4500
003 OSt
005 20180925124700.0
008 150514b xxu||||| |||| 00| 0 eng d
020 _a0080409369
040 _cDDC
082 _a523.72 GEN 1991
100 _aEditor Treble, Fred C.
_94643
245 _aGenerating Electricity From the Sun
260 _aOxford;
_bPergamon press,
_c1991
300 _aviii,293p;
_bill:
_c24cm
504 _aReferences included
650 _aElectricity
_91021
650 _aSolar systems
_94644
942 _2z
_cO_SHELF
999 _c1764
_d1764